000 00312nam a22001337a 4500
008 181101b xxu||||| |||| 00| 0 eng d
020 _a9781929109159
041 _aeng
080 _23rd
_a316
100 _a50
101 _aSOC
245 _aDays in the Lives of Social Workers
_cGrobman,L.M
942 _2udc
_cBK
999 _c51469
_d51469